Geography Quiz

Random Geography or World Quiz
Score 0/47 Timer 10:00
0 Plays Today
Information European Country % Correct
The smallest country at 0.44 square kilometers Vatican City
97.1%
Known for chocolate and beer, borders 4 countriesBelgium
97.1%
Many stereotypes, for example pizza and spaghettiItaly
97.1%
Formerly part of Czechoslovakia, has mostly mountainous terrainSlovakia
97.1%
Where the Olympics were inventedGreece
97.1%
Changed their capital city from Istanbul to AnkaraTurkey
97.1%
Made up of four nations: England, Scotland, Wales and Northern IrelandUK
94.1%
The main rival of the UK in the world warsGermany
94.1%
A great country to view the Northern Lights inIceland
94.1%
Formerly part of Czechoslovakia, famous for it's beerCzechia
94.1%
The biggest country at 17.1 million square kilometersRussia
91.2%
Has the nickname: The Emerald Isle Ireland
91.2%
Known for it's siestas, beaches and hot weatherSpain
91.2%
A country bordering Latvia, Lithuania, Russia, Poland and UkraineBelarus
91.2%
Known for being neutral in both world warsSwitzerland
91.2%
Home to DraculaRomania
91.2%
Known for it's capital city which holds the Mona Lisa, bread and their accent France
88.2%
A small nation located on the France-Spain borderAndorra
88.2%
The second smallest country, it borders France and the Mediterranean SeaMonaco
88.2%
Where IKEA was foundedSweden
88.2%
The only country to lie completely in the AlpsLiechtenstein
88.2%
The other country completely landlocked by Italy between Rome and VeniceSan Marino
88.2%
One of the longest country names with 19 letters and 21 charactersBosnia and Herzegovina
88.2%
An island country south of TurkeyCyprus
88.2%
Information European Country % Correct
Used to be called FYROM- Former Yugoslav Republic Of (country) North Macedonia
88.2%
More than a quarter of this country is underwaterNetherlands
85.3%
Known for it's fjordsNorway
85.3%
Has 2,222 islands and is in the Baltic regionEstonia
85.3%
Borders Kaliningrad, a part of Russia cut off from the main country, also in the Baltic regionLithuania
85.3%
A country just south of SicilyMalta
85.3%
Northernmost former Yugoslavian countrySlovenia
85.3%
Where the Rubik's Cube was inventedHungary
85.3%
Declared it's independence from Serbia on June 3rd 2006Montenegro
85.3%
Germany's target in WW2Poland
82.4%
Home to the widest waterfall in Europe, in the Baltic regionLatvia
82.4%
Only considered a country by some nationsKosovo
82.4%
The second richest country in the worldLuxembourg
79.4%
This country uses the Lek as their currencyAlbania
79.4%
Where St. Nick is said to liveFinland
76.5%
Known as the 'Bread Basket of Europe'Ukraine
70.6%
The happiest country in the worldDenmark
67.6%
Home to the world's oldest bookshop and Europe's longest bridgePortugal
64.7%
Home to the world's largest caveMoldova
61.8%
Where the sewing machine was invented, also has one of the oldest flags in the worldAustria
55.9%
One of the world's biggest exports of raspberriesSerbia
55.9%
Has the smallest town in the world named 'Hum' with around 20 peopleCroatia
52.9%
The only European country without a name changeBulgaria
52.9%

You're not logged in!

Compare scores with friends on all Sporcle quizzes.
OR
Log In

Sporcle TV

Today on Sporcle TV


Watch our educational content, quiz creation guides, and fun videos on Sporcle TV.

Show Comments

Extras

Top Quizzes Today


Score Distribution

Paid Content

Your Account Isn't Verified!

In order to create a playlist on Sporcle, you need to verify the email address you used during registration. Go to your Sporcle Settings to finish the process.

Report this User

Report this user for behavior that violates our Community Guidelines.

Details: